<?xml version="1.0" encoding="UTF-8"?><?xml-stylesheet type="text/xsl" href="static/style.xsl"?><OAI-PMH xmlns="http://www.openarchives.org/OAI/2.0/" xmlns:xsi="http://www.w3.org/2001/XMLSchema-instance" xsi:schemaLocation="http://www.openarchives.org/OAI/2.0/ http://www.openarchives.org/OAI/2.0/OAI-PMH.xsd"><responseDate>2026-04-17T04:19:30Z</responseDate><request verb="GetRecord" identifier="oai:www.recercat.cat:2117/191212" metadataPrefix="marc">https://recercat.cat/oai/request</request><GetRecord><record><header><identifier>oai:recercat.cat:2117/191212</identifier><datestamp>2025-07-17T07:44:05Z</datestamp><setSpec>com_2072_1033</setSpec><setSpec>col_2072_452950</setSpec></header><metadata><record xmlns="http://www.loc.gov/MARC21/slim" xmlns:dcterms="http://purl.org/dc/terms/" xmlns:xsi="http://www.w3.org/2001/XMLSchema-instance" xmlns:doc="http://www.lyncode.com/xoai" xsi:schemaLocation="http://www.loc.gov/MARC21/slim http://www.loc.gov/standards/marcxml/schema/MARC21slim.xsd">
   <leader>00925njm 22002777a 4500</leader>
   <datafield ind2=" " ind1=" " tag="042">
      <subfield code="a">dc</subfield>
   </datafield>
   <datafield ind2=" " ind1=" " tag="720">
      <subfield code="a">Saez Ujaque, Diego</subfield>
      <subfield code="e">author</subfield>
   </datafield>
   <datafield ind2=" " ind1=" " tag="720">
      <subfield code="a">Magrinyà Torner, Francesc</subfield>
      <subfield code="e">author</subfield>
   </datafield>
   <datafield ind2=" " ind1=" " tag="260">
      <subfield code="c">2015</subfield>
   </datafield>
   <datafield ind2=" " ind1=" " tag="520">
      <subfield code="a">This working paper explores the new and emerging issues related to the&#xd;
application of the theory of Urban Resilience and the concept of Panarchy (Gunderson&#xd;
&amp; Holling) to the understanding of urban dynamics. To do so, it will base on the&#xd;
analysis of the “Urban Empties” studying the interaction and the feedback relationship&#xd;
between urban planning and social initiatives in the case study of Mataro as a&#xd;
continuum interaction of dynamic cycles at different scales.&#xd;
The very first part of the paper aims to show the evolution of the different&#xd;
meanings of the concept Resilience, from its original conception from the engineering&#xd;
industry, characterized by the capacity of any system to go back to an starting point;&#xd;
the socioeconomic resilience, highlighted by the amount of resistance facing stochastic&#xd;
events; until the socioecological one, where the emphasis lays on the adaptive capacity&#xd;
of the system and the interaction between adaptive cycles at different time and space&#xd;
scales, known as Panarchy.&#xd;
The second part includes the main field work body of the project consisting on the&#xd;
characterization of each dynamic cycle interacting at each space and time scale. Thus,&#xd;
the smallest and fastest one (parcel) is associated to social motion initiatives; the&#xd;
medium (neighbourhood) , is identified with successive urban planning reviews; and&#xd;
finally, the biggest and slowest (city scale) is linked to “Urban Empties”.&#xd;
This part includes the localization and characterization of the Urban Empties of&#xd;
Mataro, the review of all the urban planning since the approval of the Local Master Plan&#xd;
in 1977 and the identification of several social actions that have taken place from then&#xd;
till nowadays.&#xd;
Finally, as the innovative part of this work, Panarchy schemes are drawn&#xd;
showing the different mechanisms and processes through which the different&#xd;
stakeholders and actors interarct and the urban dynamics happen, providing a better&#xd;
understanding of the evolution of the whole system.</subfield>
   </datafield>
   <datafield ind2=" " ind1=" " tag="520">
      <subfield code="a">Peer Reviewed</subfield>
   </datafield>
   <datafield ind2=" " ind1=" " tag="520">
      <subfield code="a">Postprint (published version)</subfield>
   </datafield>
   <datafield tag="653" ind2=" " ind1=" ">
      <subfield code="a">Àrees temàtiques de la UPC::Urbanisme::Aspectes socials</subfield>
   </datafield>
   <datafield tag="653" ind2=" " ind1=" ">
      <subfield code="a">Àrees temàtiques de la UPC::Desenvolupament humà i sostenible::Aspectes socials</subfield>
   </datafield>
   <datafield tag="653" ind2=" " ind1=" ">
      <subfield code="a">City planning -- Social aspects -- Spain -- Mataró</subfield>
   </datafield>
   <datafield tag="653" ind2=" " ind1=" ">
      <subfield code="a">Sustainable urban development -- Spain -- Mataró</subfield>
   </datafield>
   <datafield tag="653" ind2=" " ind1=" ">
      <subfield code="a">Resilience (Ecology) -- Spain -- Mataró</subfield>
   </datafield>
   <datafield tag="653" ind2=" " ind1=" ">
      <subfield code="a">Dynamic cycles</subfield>
   </datafield>
   <datafield tag="653" ind2=" " ind1=" ">
      <subfield code="a">Scalar interaction</subfield>
   </datafield>
   <datafield tag="653" ind2=" " ind1=" ">
      <subfield code="a">System feedback</subfield>
   </datafield>
   <datafield tag="653" ind2=" " ind1=" ">
      <subfield code="a">Adaptive capacity</subfield>
   </datafield>
   <datafield tag="653" ind2=" " ind1=" ">
      <subfield code="a">Panarchy</subfield>
   </datafield>
   <datafield tag="653" ind2=" " ind1=" ">
      <subfield code="a">Urbanisme -- Aspectes socials -- Catalunya -- Mataró</subfield>
   </datafield>
   <datafield tag="653" ind2=" " ind1=" ">
      <subfield code="a">Desenvolupament urbà sostenible -- Catalunya -- Mataró</subfield>
   </datafield>
   <datafield tag="653" ind2=" " ind1=" ">
      <subfield code="a">Resiliència (Ecologia) -- Catalunya -- Mataró</subfield>
   </datafield>
   <datafield ind2="0" ind1="0" tag="245">
      <subfield code="a">Urban resilience: an approach to urban dynamics: the “urban gaps” of mataro.</subfield>
   </datafield>
</record></metadata></record></GetRecord></OAI-PMH>